Economía burguesa y economía marxista / (Record no. 16905)

MARC details
000 -CABECERA
campo de control de longitud fija 00779nam a2200229 a 4500
005 - FECHA Y HORA DE LA ÚLTIMA TRANSACCIÓN
campo de control 20240919064330.0
008 - ELEMENTOS DE LONGITUD FIJA--INFORMACIÓN GENERAL
campo de control de longitud fija 991125s1974 mx 000 0 spa u
020 ## - NÚMERO INTERNACIONAL NORMALIZADO PARA LIBROS
Número Internacional Estándar del Libro 9682302900
035 ## - NÚMERO DE CONTROL DEL SISTEMA
Número de control de sistema UPN01000016905
049 ## - COLECCIÓN
Colección CG
050 #4 - SIGNATURA TOPOGRÁFICA DE LA BIBLIOTECA DEL CONGRESO
Número de clasificación HB501
Número de documento/Ítem B6.3
100 1# - ASIENTO PRINCIPAL--NOMBRE PERSONAL
Nombre de persona Böhm-Bawerk, Eugen Von,
Fechas asociadas al nombre 1851-1914
245 10 - MENCIÓN DE TÍTULO
Título Economía burguesa y economía marxista /
Mención de responsabilidad, etc. Eugen von Böhm Bawerk, Rudolf Hilferding, Ladislaus von Bortkiewicz.
260 ## - PUBLICACIÓN, DISTRIBUCIÓN, ETC.
Lugar de publicación, distribución, etc. México :
Nombre del editor, distribuidor, etc. Pasado y Presente :
-- Siglo XXI,
Fecha de publicación, distribución, etc. 1974.
300 ## - DESCRIPCIÓN FÍSICA
Extensión 225 p.
440 #0 - MENCIÓN DE SERIE/ASIENTO SECUNDARIO--TÍTULO
Título Cuadernos de pasado y presente ;
Designación de volumen o secuencia 49
600 14 - ASIENTO SECUNDARIO DE MATERIA - NOMBRE PERSONAL
Nombre de persona MARX, KARL,
Fechas asociadas al nombre 1818-1883
650 #4 - ASIENTO SECUNDARIO DE MATERIA - TERMINO TEMATICO
Término de materia o nombre geográfico como elemento de entrada Economía
9 (RLIN) 11541
700 1# - ASIENTO SECUNDARIO--NOMBRE DE PERSONAL
Nombre de persona Hilferding, Rudolf,
Fechas asociadas al nombre 1877-1941,
Término indicativo de función/relación coaut.
700 1# - ASIENTO SECUNDARIO--NOMBRE DE PERSONAL
Nombre de persona Bortkiewicz, Ladislaus von,
Fechas asociadas al nombre 1868-1931,
Término indicativo de función/relación coaut.
905 ## - TIPO DE MATERIAL
Tipo de material Libro
Holdings
Estado de retiro Estado de pérdida Fuente del sistema de clasificación o colocación Estado dañado No para préstamo Código de colección Localización permanente Ubicación/localización actual Ubicación en estantería Total de préstamos Clasificación Código de barras Fecha visto por última vez Número de copia Tipo de ítem Koha
    Library of Congress Classification     Colección General Bib. Gregorio Torres Quintero Bib. Gregorio Torres Quintero Planta baja   HB501 B6.3 7433 31/12/2020 1 Libro